Online
Catalog

Artefactos Eróticos : (Record no. 41731)

MARC details
000 -CABECERA
campo de control de longitud fija 00782nam a2200217 a 4500
001 - NÚMERO DE CONTROL
campo de control 000042242
005 - FECHA Y HORA DE LA ÚLTIMA TRANSACCIÓN
campo de control 20201002040026.0
008 - DATOS DE LONGITUD FIJA--INFORMACIÓN GENERAL
campo de control de longitud fija 131120s1989 sp a 000 0 spa d
020 ## - NÚMERO INTERNACIONAL ESTÁNDAR DEL LIBRO
Número Internacional Estándar del Libro 8478800026
040 ## - FUENTE DE LA CATALOGACIÓN
Centro catalogador/agencia de origen DO-SdBNP
Lengua de catalogación spa
Centro/agencia transcriptor BNPHU
082 ## - NÚMERO DE LA CLASIFICACIÓN DECIMAL DEWEY
Número de clasificación xxxx
Número de documento/Ítem xxx
100 1# - ENTRADA PRINCIPAL--NOMBRE DE PERSONA
Nombre de persona Pottocher, Beatriz
Fechas asociadas al nombre 1961-
9 (RLIN) 69261
245 10 - MENCIÓN DE TÍTULO
Título Artefactos Eróticos :
Resto del título guía de objetos y estimulantes del deseo /
Mención de responsabilidad, etc. Beatriz Pottocher.
260 ## - PUBLICACIÓN, DISTRIBUCIÓN, ETC.
Lugar de publicación, distribución, etc. España, :
Nombre del editor, distribuidor, etc. Temas de hoy,
Fecha de publicación, distribución, etc. 1989.
300 ## - DESCRIPCIÓN FÍSICA
Extensión 253 p. :
Otras características físicas il. ;
Dimensiones 21 cm.
490 1# - MENCIÓN DE SERIE
Mención de serie Biblioteca erótica
Designación de volumen o secuencia 6
504 ## - NOTA DE BIBLIOGRAFÍA, ETC.
Nota de bibliografía, etc. Bibliografía p: 239-253
500 ## - NOTA GENERAL
Nota general Incluye datos biografícos de la autora en la solapa de la portada
500 ## - NOTA GENERAL
Nota general La lectura de este libro no está recomendada a menores de 16 años.
830 #0 - PUNTO DE ACCESO ADICIONAL DE SERIE-TÍTULO UNIFORME
Título uniforme Biblioteca erótica
9 (RLIN) 21727
Holdings
Estado de retiro Estado de pérdida Restricciones de uso No para préstamo Código de colección Localización permanente Ubicación/localización actual Ubicación en estantería Fecha de adquisición Número de inventario Total de préstamos Signatura topográfica completa Código de barras Fecha visto por última vez Precio válido a partir de Tipo de ítem Koha
      Excluido de préstamo Monografías: Libros y Folletos General General En catalogación 20.11.2013 LF1   xxxx xxx 42242-10 25.06.2020 25.06.2020 No se presta

Powered by Koha